000 00398 a2200145 4500
999 _c2908
_d2908
020 _a9788184114140
050 _aLB 1055 ROY 2012
100 _aRoy, Nishant
_eAuthor
245 _aAdvanced psychology /
_cNishant Roy
264 _aNew Delhi:
_bSonali Publications,
_c2012
300 _a246p. :
_bill.
500 _aIncludes index
650 _aEducational psychology
942 _2lcc
_cBK
_h1055
_iROY
_kLB